[Event "XXXII Belgrade Trophy 2018"]
[Site "Belgrade"]
[Date "2018.11.28"]
[Round "5"]
[White "Zivkovic, Marko"]
[Black "Antic, Dejan"]
[Result "0-1"]
[WhiteElo "2302"]
[BlackElo "2462"]
[Annotator "TA"]
[PlyCount "68"]
[EventDate "2018.11.24"]
[EventType "swiss"]
[EventCountry "SRB"]
[SourceTitle "playchess.com"]
[Source "ChessBase"]
[SourceQuality "1"]

{[%evp 18,68,0,-22,-8,-7,0,0,4,0,10,-18,0,-25,-29,-37,-51,-32,-45,-62,-10,-4,-12,-11,0,-22,-14,-25,-25,-27,-20,-23,-22,-31,-33,-58,-51,-100,-96,-116,120,-65,768,-48,99,-64,-63,-507,982,-527,1100,-937,-508]} 1. d4 Nf6 2. Bf4 d6 3. Nf3 g6 4. h3 Bg7 5. Nbd2 O-O 6. e3 b6 7. Be2 Bb7 8. O-O Nbd7 9. c3 Re8 10. Nc4 {LiveBook: 3 Games. A48: 1 d4 Nf6 2 Nf3 g6: Torre, London and Colle Systems} (10. Bh2) 10... c5 11. a4 Qc7 12. Bh2 {The position is equal.} Rac8 13. Rc1 Qb8 $146 ({Predecessor:} 13... a6 14. Re1 Bc6 15. b4 cxb4 16. cxb4 {1-0 (66) Metz,H (2335)-Stojic,D (2155) Sydney 2008}) 14. Nfd2 a6 15. dxc5 Rxc5 16. Bf3 Bxf3 17. Qxf3 Rec8 18. Na3 $1 Ne5 ({Better is} 18... Ra5 $15) 19. Bxe5 $11 Rxe5 20. Nc2 d5 21. Qe2 Qb7 22. Nb4 a5 $36 {[%mdl 2048] Black is pushing.} 23. Nc2 {[%cal Bb4c2,Bc2d4,Bd4b5][%mdl 32]} Re6 24. Nd4 Rd6 25. f4 Rdd8 26. g4 Nd7 27. Rf2 e5 28. Nb5 h6 $2 {[#]} (28... Nc5 $17 {stays on course.} 29. fxe5 Bxe5) 29. h4 $2 ({Only move:} 29. Nd6 $16 Qc7 30. Nxc8 Rxc8 31. Rcf1) 29... Qc7 $2 {[%mdl 8192]} (29... Nc5 $15) 30. e4 $2 (30. Nxc7 $18 Rxc7 31. h5) 30... Qc6 (30... Qc5 $15 {stays ahead.} 31. exd5 exf4) 31. exd5 $2 (31. Na7 $16 Qxa4 32. Nxc8 (32. exd5 Rc5 $11) 32... Rxc8 33. exd5) 31... Qxd5 $15 {White must now prevent ...Nc5.} 32. Nc4 $2 {[%mdl 8192] [#]} (32. Na7 $15 Rc7 33. Nb5) 32... Qxb5 $4 {[%mdl 8192]} (32... Rxc4 $19 33. Rd1 Qc6 34. fxe5 Bxe5) 33. Nd6 $4 {[%mdl 8192]} (33. axb5 $18 Nc5 34. Nxe5) 33... Rf8 $4 {[%mdl 8192]} (33... Qxe2 $19 34. Rxe2 Rc6) 34. Ne8 $4 {[%mdl 8192]} (34. Qxb5 $18 Rc7 35. Re1) 34... Qc6 {Precision: White = 18%, Black = 20%.} 0-1

[Event "XXXII Belgrade Trophy 2018"]
[Site "Belgrade"]
[Date "2018.11.28"]
[Round "5"]
[White "Tsaknakis, Zisis"]
[Black "Kadric, Denis"]
[Result "0-1"]
[WhiteElo "2229"]
[BlackElo "2554"]
[Annotator "RC"]
[PlyCount "70"]
[EventDate "2018.11.24"]
[EventType "swiss"]
[EventCountry "SRB"]
[SourceTitle "playchess.com"]
[Source "ChessBase"]
[SourceQuality "1"]
[TimeControl "40/5400+30:900+30"]

1. e4 {[%emt 0:00:00]} g6 {[%emt 0:02:00]} 2. d4 {[%emt 0:00:00]} Bg7 {[%emt 0:00:01]} 3. Nf3 {[%emt 0:00:00]} d6 {[%emt 0:00:03]} 4. Bc4 {[%emt 0:00:19]} Nf6 {[%emt 0:00:04]} 5. Qe2 {[%emt 0:00:18]} Nc6 {[%emt 0:00:22]} 6. h3 {[%emt 0:01:08]} O-O {[%emt 0:00:04]} 7. O-O {[%emt 0:00:15]} Nd7 {[%emt 0:00:01]} 8. c3 {[%emt 0:03:08]} e5 {[%emt 0:00:04]} 9. Bg5 {[%emt 0:07:22]} Qe8 {[%emt 0:00:05]} 10. Qe3 {[%emt 0:00:35]} Nb6 {[%emt 0:05:04]} 11. Bb3 {[%emt 0:07:46]} Na5 {[%emt 0:01:30]} 12. Nbd2 {[%emt 0:04:04]} Nxb3 {[%emt 0:00:33]} 13. axb3 {[%emt 0:00:48]} f5 {[%emt 0:00:29]} 14. dxe5 {[%emt 0:01:09]} dxe5 {[%emt 0:00:02]} 15. exf5 {[%emt 0:03:24]} gxf5 {[%emt 0:00:01]} 16. Rfe1 {[%emt 0:15:57]} e4 {[%emt 0:05:18]} 17. Ra5 {[%emt 0:05:38]} c6 {[%emt 0:08:28]} 18. c4 {[%emt 0:06:19]} Nd7 {[%emt 0:18:16]} 19. g4 {[%emt 0:14:24]} c5 {[%emt 0:13:44]} 20. gxf5 {[%emt 0:03:31]} b6 {[%emt 0:01:17]} 21. Raa1 {[%emt 0:02:04]} Bb7 {[%emt 0:00:02]} 22. Qf4 {[%emt 0:01:35]} Qh5 {[%emt 0:02:25]} 23. Nh4 {[%emt 0:09:10]} h6 {[%emt 0:07:17]} 24. Be7 {[%emt 0:00:53]} Rf7 {[%emt 0:00:06]} 25. Bd6 {[%emt 0:12:00]} Bxb2 {[%emt 0:00:31]} 26. Ra2 {[%emt 0:00:32]} Rg7+ {[%emt 0:08:02]} 27. Kh2 {[%emt 0:00:32]} Bf6 {[%emt 0:03:21]} 28. Ng6 {[%emt 0:00:05]} Bg5 {[%emt 0:01:13]} 29. Qg3 {[%emt 0:00:46]} Nf6 {[%emt 0:02:42]} 30. Nf1 {[%emt 0:00:30]} Bc8 {[%emt 0:02:22]} 31. Ne7+ {[%emt 0:00:46]} Kh7 {[%emt 0:00:02]} 32. Nxc8 {[%emt 0:00:30]} Rxc8 {[%emt 0:01:01]} 33. Kh1 {[%emt 0:00:27]} Rcg8 {[%emt 0:00:39]} 34. Qh2 {[%emt 0:00:34]} Bf4 {[%emt 0:01:33]} 35. Bxf4 {[%emt 0:00:29]} Qf3+ {[%emt 0:00:03]} 0-1

[Event "XXXII Belgrade Trophy 2018"]
[Site "Belgrade"]
[Date "2018.11.28"]
[Round "5"]
[White "Uysal, Burak"]
[Black "Petrov, Marian"]
[Result "1/2-1/2"]
[WhiteElo "2215"]
[BlackElo "2488"]
[Annotator "TA"]
[PlyCount "87"]
[EventDate "2018.11.24"]
[EventType "swiss"]
[EventCountry "SRB"]
[SourceTitle "playchess.com"]
[Source "ChessBase"]
[SourceQuality "1"]

{[%evp 9,87,29,43,43,41,31,52,48,60,37,58,29,47,40,81,91,73,90,91,92,80,75,141,148,138,140,149,135,169,167,266,188,339,354,336,323,319,325,355,180,337,334,392,364,331,159,115,166,454,462,761,756,756,755,736,720,797,766,925,886,1033,1018,1017,1017,979,990,1300,537,12565,29938,6810,7727,6275,6129,1329,555,559,559,590,590]} 1. d4 g6 2. e4 Bg7 3. Nf3 d6 4. Nc3 a6 5. Bg5 h6 6. Be3 {B06: Modern Defence} b6 $146 ({Predecessor:} 6... e6 7. Bd3 Nd7 8. O-O b6 9. Ne2 Ne7 10. c4 O-O 11. Qd2 Kh7 12. Rfe1 c5 13. Rad1 {0-1 (46) Smirin,I (2663)-Hillarp Persson,T (2563) Helsingor 2015}) 7. Qd2 e6 8. Bd3 {White is slightly better.} Bb7 9. h3 Nd7 10. Ne2 Ngf6 11. Ng3 $1 d5 {[%cal Rd5e4]} 12. e5 $36 {[%mdl 2048] White is in control.} Ne4 13. Qe2 c5 {[#]} 14. c3 $1 O-O 15. O-O f5 (15... a5 $142) 16. exf6 $1 $16 Qxf6 17. Bxe4 dxe4 18. Nd2 Qh4 19. dxc5 Ne5 (19... bxc5 {keeps fighting.} 20. Ngxe4 Qe7) 20. Bd4 {[%cal Rd2e4]} Rf4 $2 (20... bxc5 21. Bxe5 (21. Bxc5 Rf4 $16) 21... Bxe5 22. Ngxe4 Qe7) 21. Bxe5 Bxe5 22. Nc4 Bg7 23. cxb6 Raf8 24. Ne3 (24. a4 $142) 24... Be5 $2 (24... Qd8 25. Nc4 Qd5) 25. Rad1 $18 h5 26. Nc4 Bb8 27. Nd6 (27. Qe3 $18) 27... Bd5 $16 28. c4 {[%cal Bc3c4,Bc4c5][%mdl 32]} ({Stronger than} 28. Qxa6 e3 $17) 28... Bc6 $2 (28... Bxd6 {was necessary.} 29. cxd5 Bc5) 29. Qe3 $18 Qg5 (29... Qf6 $142 30. Ne2 Rf5 31. Nxf5 gxf5) 30. Ne2 Qe5 31. Nxf4 Rxf4 32. c5 Bd5 33. Rfe1 g5 34. Qc3 Bxd6 35. cxd6 Qxd6 {[#]} 36. b7 $1 Rf8 {[#]} (36... Bxb7 37. Rxd6) 37. Rxe4 $3 {[%mdl 512]} Qb6 (37... Bxe4 38. Rxd6) 38. Qe3 Qxb7 39. Qxg5+ Qg7 40. Rxd5 {White is clearly winning.} exd5 41. Qxd5+ Qf7 42. Qxf7+ Rxf7 43. Re5 h4 44. Re6 {[%mdl 32768] Accuracy: White = 65%, Black = 25%. . An unexpected result.} 1/2-1/2

[Event "XXXII Belgrade Trophy 2018"]
[Site "Belgrade"]
[Date "2018.11.28"]
[Round "5"]
[White "Uysal, Burak"]
[Black "Petrov, Marian"]
[Result "*"]
[WhiteElo "2215"]
[BlackElo "2488"]
[Annotator "TA"]
[PlyCount "33"]
[EventDate "2018.11.24"]
[EventType "swiss"]
[EventCountry "SRB"]
[SourceTitle "playchess.com"]
[Source "ChessBase"]
[SourceQuality "1"]

{[%evp 10,33,41,43,45,31,39,26,29,-133,-96,-93,26,29,34,-25,-26,-18,12,-36,93,-686,194,-385,258,-805]} 1. d4 g6 2. e4 Bg7 3. Nf3 d6 4. Nc3 a6 5. Bg5 h6 6. Be3 {LiveBook: 10 Games. B06: Modern Defence} b6 $146 ({Predecessor:} 6... e6 7. Bd3 Nd7 8. O-O b6 9. Ne2 Ne7 10. c4 O-O 11. Qd2 Kh7 12. Rfe1 c5 13. Rad1 {0-1 (46) Smirin,I (2663)-Hillarp Persson,T (2563) Helsingor 2015}) 7. Qd2 Bb7 8. h3 {White is slightly better.} Nd7 9. Ne2 $2 {[#]} (9. Bd3 $11) 9... Ngf6 10. Ng3 d5 (10... Nxe4 $17 11. Nxe4 Bxe4) 11. e5 $11 Ne4 12. Qe2 (12. Qd1 $14) 12... c5 13. c3 O-O 14. Nd2 Nxe5 (14... Nxg3 $15 {stays ahead.} 15. fxg3 e6) 15. Nc4 $2 {[%mdl 8192] [#]} (15. dxe5 $16 Nxg3 16. fxg3) 15... h5 $4 {[%mdl 8192]} (15... Nxg3 $19 {and life is good for Black.} 16. fxg3 Nxc4) 16. Nd6 $4 {[%mdl 8192]} (16. Nxe5 $18 {Hoping for Nxe4.} Nd6 17. Nxh5 gxh5 18. Qxh5) 16... c4 $4 {[%mdl 8192]} ({Less strong is} 16... Qxd6 17. Nxe4 dxe4 18. dxe5 $19) ({Don't take} 16... Nxd6 17. dxe5 Bxe5 18. Bh6 $19) (16... exd6 $19 {and all is fine.} 17. Nxe4 Nc4) 17. h4 $4 {[%mdl 8192] Accuracy: White = 12%, Black = 36%.} (17. Nxb7 $18 Qc7 18. dxe5 Nxg3 19. fxg3) *

[Event "XXXII Belgrade Trophy 2018"]
[Site "Belgrade"]
[Date "2018.11.28"]
[Round "5"]
[White "Pucarevic, Milenko"]
[Black "Ozen, Deniz"]
[Result "0-1"]
[WhiteElo "2210"]
[BlackElo "2411"]
[Annotator "TA"]
[PlyCount "70"]
[EventDate "2018.11.24"]
[EventType "swiss"]
[EventCountry "SRB"]
[SourceTitle "playchess.com"]
[Source "ChessBase"]
[SourceQuality "1"]

{[%evp 17,70,-16,-27,-59,-63,-105,-137,-143,-141,-125,-138,-129,-134,-135,-149,-125,-123,-152,-112,-179,-71,-57,-75,-123,-85,-164,-164,-194,-172,-329,-204,-201,-194,-489,-493,-490,-487,-479,-319,-314,-308,-313,-311,-712,-550,-569,-535,-517,-526,-515,-504,-521,-521,-496,-466]} 1. e4 e6 2. d3 d5 3. Nd2 Nc6 4. Ngf3 Nf6 5. e5 Nd7 6. d4 f6 7. exf6 Qxf6 8. Nb3 {C00: French: Unusual White 2nd moves} Bd6 9. Bg5 Qf7 {LiveBook: 5 Games} 10. Bb5 {Black has an edge.} O-O 11. Qe2 $146 ({Predecessor:} 11. Bxc6 bxc6 12. Qe2 a5 13. O-O-O Ba6 14. Qd2 a4 15. Na5 Bb5 {0-1 (48) Willow,J (2271)-Gonda,L (2528) Telford 2018}) 11... e5 12. Bxc6 bxc6 13. dxe5 Nxe5 14. Nxe5 Bxe5 15. O-O-O Bd6 16. Be3 a5 {And now ...a4 would win.} 17. a4 Bf5 18. Qd2 (18. h4 $17) 18... Rfb8 (18... Bb4 $19 {is more deadly.} 19. Qe2 Qg6) 19. Qc3 $17 Rb4 20. Rd4 Bd7 {White must now prevent ...Be5.} 21. Qd2 (21. Nc5 $17 {is a better defense.}) 21... Rab8 22. Rxb4 Rxb4 23. Nc5 $2 (23. Bc5) 23... d4 24. Bxd4 Qa2 {[%cal Ra2a1]} 25. Qc3 $2 (25. Nb3 Rxb3 26. Qg5) 25... Qa1+ $19 26. Kd2 Qxh1 {[%mdl 64] [#] Double Attack} 27. Nxd7 {intending Qe3.} Qxg2 28. Qe3 {White wants to mate with Qe8+.} Qg6 29. b3 c5 ({Resist} 29... Bxh2 30. Kc3 $19) 30. Be5 $2 (30. Nxc5 Rxd4+ {[%mdl 64] Deflection} 31. Qxd4 Qg5+ {[%mdl 64] Double Attack} 32. f4 Qxc5 33. Qxc5 Bxc5 34. Kd3) 30... Re4 {Black is clearly winning.} 31. Qf3 Rxe5 32. Nxe5 Qg5+ {[%mdl 64] [#] Double Attack} ({Stronger than} 32... Bxe5 33. Qd5+ Qf7 34. Qxe5 $11) 33. Kd1 {Qf7+ would kill now.} Qxe5 34. Qa8+ Kf7 35. Qxa5 c4 {Accuracy: White = 25%, Black = 69%.} 0-1

[Event "XXXII Belgrade Trophy 2018"]
[Site "Belgrade"]
[Date "2018.11.28"]
[Round "5"]
[White "Ivanovic, Marko"]
[Black "Galiot, Goran"]
[Result "*"]
[WhiteElo "2202"]
[BlackElo "2305"]
[Annotator "TA"]
[PlyCount "2"]
[EventDate "2018.11.24"]
[EventType "swiss"]
[EventCountry "SRB"]
[SourceTitle "playchess.com"]
[Source "ChessBase"]
[SourceQuality "1"]

{[%evp 2,2,44]} 1. Nc3 d6 $146 ({Predecessor:} 1... d5 2. e4 dxe4 3. Nxe4 Nd7 4. d4 Ngf6 5. Bd3 Nxe4 6. Bxe4 Nf6 7. Bf3 c6 8. Ne2 Bg4 9. Bxg4 Nxg4 10. h3 Nf6 11. c4 e6 12. O-O {½-½ (55) Mamedyarov,S (2801)-Giri,A (2782) chess.com INT 2018}) *

[Event "XXXII Belgrade Trophy 2018"]
[Site "Belgrade"]
[Date "2018.11.28"]
[Round "5"]
[White "Ivanovic, Marko"]
[Black "Galiot, Goran"]
[Result "0-1"]
[WhiteElo "2202"]
[BlackElo "2305"]
[Annotator "RC"]
[PlyCount "73"]
[EventDate "2018.11.24"]
[EventType "swiss"]
[EventCountry "SRB"]
[SourceTitle "playchess.com"]
[Source "ChessBase"]
[SourceQuality "1"]
[TimeControl "40/5400+30:900+30"]

1. d4 Nf6 2. Bf4 g6 3. Nc3 Bg7 4. e4 O-O 5. Qd2 d6 6. O-O-O Nc6 7. f3 Nh5 8. Bh6 e5 9. Bxg7 Nxg7 10. d5 Ne7 11. h4 {[%emt 0:00:00]} f5 {[%emt 0:00:30]} 12. Nh3 {[%emt 0:00:00]} f4 13. Bd3 Bxh3 14. Rxh3 Nh5 15. Ne2 Kh8 16. Kb1 Ng8 17. c4 Ngf6 18. c5 dxc5 19. Qc3 Qe7 20. Rc1 b6 21. Bb5 a5 22. Rc2 Rf7 23. Nc1 Qd6 24. Nd3 Re7 25. b3 Rg8 26. Nb2 Ne8 27. Rh1 Qf6 28. Bxe8 Rgxe8 29. Nc4 Ng7 30. d6 cxd6 31. Nxb6 Rb7 32. Qxa5 Ne6 33. Nd5 {[%emt 0:00:00]} Qf7 34. Qc3 Nd4 35. Rb2 Reb8 36. Rc2 h5 {gxh5 Rc1 h4 Rh1 Qxh5 gxh3} 37. Rh2 {Rxh2 Qxh2 b4} 0-1

[Event "XXXII Belgrade Trophy 2018"]
[Site "Belgrade"]
[Date "2018.11.28"]
[Round "5"]
[White "Cetkovic, Miodrag"]
[Black "Lundin, Jan"]
[Result "1/2-1/2"]
[WhiteElo "2189"]
[BlackElo "2293"]
[Annotator "TA"]
[PlyCount "104"]
[EventDate "2018.11.24"]
[EventType "swiss"]
[EventCountry "SRB"]
[SourceTitle "playchess.com"]
[Source "ChessBase"]
[SourceQuality "1"]

{[%evp 9,104,-10,-1,0,10,0,1,-37,27,0,8,-20,17,33,52,21,49,37,39,31,35,0,0,-16,-16,-35,-41,-32,0,-42,-33,-33,-23,-28,0,0,19,-17,-18,-41,-29,-39,-38,-94,28,-102,-105,-97,-106,-102,-72,-126,-127,-138,-78,-200,-192,-225,0,-151,-151,-192,-202,-234,-66,-66,-45,-64,0,-29,-14,-21,0,0,0,0,0,0,0,0,0,0,0,0,0,0,0,0,0,0,0,0,0,0,0,0,0]} 1. e4 c6 2. Ne2 d5 3. e5 c5 4. d4 Nc6 5. c3 e6 (5... Bg4 6. h3 Bxe2 7. Bxe2 e6 8. O-O Qb6 9. dxc5 Bxc5 10. b4 Be7 11. Be3 Qc7 12. f4 Nh6 13. Na3 {½-½ (44) Vachier Lagrave,M (2795)-Anand,V (2786) Stavanger 2017}) 6. g3 {B12: Caro-Kann: Advance Variation} Bd7 7. Bg2 h5 $146 ({Predecessor:} 7... Qb6 8. O-O Rc8 9. a3 cxd4 10. cxd4 Nge7 11. Nbc3 Nf5 12. Be3 Na5 13. Qd3 {0-1 (37) Werner,I (2082)-Becker,M (2390) Belgium 2014}) 8. O-O Nh6 (8... h4 $15) 9. Nd2 cxd4 10. cxd4 Nf5 11. Nf3 Qb6 12. h3 O-O-O 13. a3 Kb8 14. b4 Rc8 15. Bb2 Na5 {[%cal Bc6a5,Ba5c4,Bc4b6,Bb6a4][%mdl 32]} 16. Re1 Nc4 17. Bc3 Be7 18. h4 Qd8 19. Qc1 (19. Bd2 $5) 19... Nb6 20. Qd2 Rc4 21. Rac1 Qc7 22. Qa2 Na4 23. Ba1 Rc8 24. Rxc4 Qxc4 25. Qxc4 dxc4 26. Nc3 (26. Nf4 $15) 26... a5 ({Black should play} 26... Nxc3 $17 27. Bxc3 Bc6) 27. Nxa4 (27. bxa5 $11 {was the only way to keep the balance.} Nxc3 28. Bxc3) 27... Bxa4 $17 28. Bc3 axb4 29. axb4 Rd8 30. Re2 ({Better is} 30. Rb1) 30... Bc6 31. Rd2 Kc7 (31... b5 $142 32. Kf1 Kb7) 32. Ne1 (32. b5 $17 Bd5 33. Ra2) 32... Ra8 $19 33. Nc2 Rd8 $2 (33... Bxg2 $19 34. Kxg2 g5 35. hxg5 Bxg5) 34. Bh3 $2 (34. Ne1 $1 $11) 34... g6 $17 {[%cal Bg7g6,Bg6f5][%mdl 32]} 35. Bxf5 gxf5 ({Not} 35... exf5 36. Ne3 $11) 36. Ne3 {[#]} Bd5 $2 (36... Ra8 $1 $19 {And now ...b5 would win.} 37. b5 Bxb5) 37. Ra2 $15 Kb6 38. f4 Rc8 (38... Kc6 $15) 39. Kf2 Kc6 40. Ra5 {The position is equal.} b6 {[#]} 41. Nxd5 $1 {[%mdl 512]} exd5 $11 {[%mdl 4096] Endgame KRB-KRB} 42. b5+ Kb7 43. Ra2 Rg8 44. Kf3 Re8 45. Ra1 Bf8 46. Ra2 Re6 47. Re2 Re8 48. Ra2 Be7 49. Ra1 Rg8 50. Ra2 Rg4 51. Re2 Rg8 52. Ra2 Re8 {Accuracy: White = 40%, Black = 41%.} 1/2-1/2

[Event "XXXII Belgrade Trophy 2018"]
[Site "Belgrade"]
[Date "2018.11.28"]
[Round "5"]
[White "Maric, Dragan"]
[Black "Velickovic, Sasa"]
[Result "1/2-1/2"]
[WhiteElo "2174"]
[BlackElo "2293"]
[Annotator "TA"]
[PlyCount "35"]
[EventDate "2018.11.24"]
[EventType "swiss"]
[EventCountry "SRB"]
[SourceTitle "playchess.com"]
[Source "ChessBase"]
[SourceQuality "1"]

{[%evp 18,20,50,31,47]} 1. d4 g6 2. e4 Bg7 3. Nc3 d6 4. Nf3 Nf6 5. Be2 O-O 6. O-O Bg4 7. h3 Bxf3 8. Bxf3 c6 9. Be3 Nbd7 10. Qd2 {LiveBook: 12 Games} e5 {B08: Pirc Defence: Classical System} (10... Qc7 11. a4 Rfe8 12. Rfd1 e5 13. d5 c5 14. Nb5 Qb8 15. c4 Nxe4 16. Bxe4 f5 17. Bc2 f4 18. Bxc5 Nxc5 19. b4 {1-0 (37) Bang,E (2663)-Ekebjaerg,O (2635) ICCF corr 1999}) {Predecessor:} 11. dxe5 $146 dxe5 12. Rad1 Re8 13. g4 Nb6 14. g5 Nfd7 15. Bg4 Nf8 16. Qxd8 Raxd8 17. b3 h5 18. gxh6 {½-½ (52) Galinsky,T (2424)-Gritsak,O (2522) Kiev 2000} 1/2-1/2

[Event "XXXII Belgrade Trophy 2018"]
[Site "Belgrade"]
[Date "2018.11.28"]
[Round "5"]
[White "Brankovic, Vladislav"]
[Black "Chelushkina, Irina"]
[Result "1-0"]
[WhiteElo "2108"]
[BlackElo "2286"]
[Annotator "RC"]
[PlyCount "49"]
[EventDate "2018.11.24"]
[EventType "swiss"]
[EventCountry "SRB"]
[SourceTitle "playchess.com"]
[Source "ChessBase"]
[SourceQuality "1"]
[TimeControl "40/5400+30:900+30"]

1. e4 {[%emt 1:30:30]} c5 {[%emt 1:30:30]} 2. Nf3 {[%emt 0:00:30]} e6 {[%emt 0:00:30]} 3. c3 {[%emt 0:00:30]} Nf6 {[%emt 0:00:30]} 4. e5 {[%emt 0:00:30]} Nd5 {[%emt 0:00:30]} 5. d4 {[%emt 0:00:30]} cxd4 {[%emt 0:00:30]} 6. cxd4 {[%emt 0:00:30]} Nc6 {[%emt 0:00:30]} 7. Nc3 {[%emt 0:00:30]} d6 {[%emt 0:00:30]} 8. Bb5 {[%emt 0:00:30]} Nxc3 {[%emt 0:00:30]} 9. bxc3 {[%emt 0:00:30]} Bd7 {[%emt 0:00:30]} 10. exd6 {[%emt 0:00:30]} Bxd6 {[%emt 0:00:30]} 11. O-O {[%emt 0:00:30]} O-O {[%emt 0:00:30]} 12. Qe2 {[%emt 0:00:30]} Qc7 {[%emt 0:00:30]} 13. a4 {[%emt 0:00:30]} Rfe8 {[%emt 0:00:30]} 14. Ba3 {[%emt 0:00:30]} Bxa3 {[%emt 0:00:30]} 15. Rxa3 {[%emt 0:00:30]} e5 {[%emt 0:00:30]} 16. d5 {[%emt 0:00:30]} Na5 {[%emt 0:00:30]} 17. c4 {[%emt 0:00:30]} Bxb5 {[%emt 0:00:30]} 18. cxb5 {[%emt 0:00:30]} Rad8 {[%emt 0:00:30]} 19. Qe4 {[%emt 0:00:30]} Qd7 {[%emt 0:00:30]} 20. Ng5 {[%emt 0:00:30]} f5 {[%emt 0:00:30]} 21. Qh4 {[%emt 0:00:30]} h6 {[%emt 0:00:30]} 22. Ne6 {[%emt 0:00:30]} Qd6 {[%emt 0:00:30]} 23. Rg3 {[%emt 0:00:30]} Rd7 {[%emt 0:00:30]} 24. Qxh6 {[%emt 0:00:30] Ree7Qg6 [%clk 0:00:00]} Qxd5 {[%emt 0:00:30]} 25. Nxg7 {[%emt 0:00:30]} 1-0

[Event "XXXII Belgrade Trophy 2018"]
[Site "Belgrade"]
[Date "2018.11.29"]
[Round "6"]
[White "Kadric, Denis"]
[Black "Ozen, Deniz"]
[Result "1-0"]
[WhiteElo "2554"]
[BlackElo "2411"]
[Annotator "TA"]
[PlyCount "60"]
[EventDate "2018.11.24"]
[EventType "swiss"]
[EventCountry "SRB"]
[SourceTitle "playchess.com"]
[Source "ChessBase"]
[SourceQuality "1"]

{[%evp 16,60,48,52,68,57,65,62,100,89,127,116,109,120,117,111,106,108,106,116,123,135,136,127,124,129,107,19,152,127,111,111,143,-215,191,180,322,7,239,-20,56,0,418,-536,-5,-3547,343]} 1. e4 e6 2. d4 d5 3. e5 c5 4. c3 Nc6 5. Nf3 Qb6 6. Be2 Nh6 7. Bxh6 gxh6 8. Qd2 Bd7 9. O-O {LiveBook: 29 Games} O-O-O {C02: French: Advance Variation} (9... Rc8 10. c4 dxc4 11. d5 exd5 12. Nc3 Ne7 13. Bxc4 Be6 14. Bb5+ Kd8 15. a4 a6 16. a5 Qa7 17. Bc4 {0-1 (46) Djuric,S (2429)-Piorun,K (2657) Tallinn 2016}) 10. Na3 Rg8 11. Nc2 cxd4 $146 {White is slightly better.} ({Predecessor:} 11... Qc7 12. Ne3 f6 13. exf6 Qf4 14. Nc4 Qxf6 15. Nce5 h5 16. Nxc6 Bxc6 17. Qe3 {½-½ (50) Ryzhkov,V (2104)-Dolzhikova,K (2298) St Petersburg 2010}) 12. cxd4 Be7 13. b4 Bxb4 14. Qxh6 Be7 15. Rab1 Qa5 16. Qxh7 Qxa2 17. Rfc1 Rdf8 18. Qd3 {[#] Strongly threatening Ra1.} Qa5 19. Qb3 $36 {[%mdl 2048] Black is under strong pressure.} Qc7 20. Bb5 Kb8 21. Nfe1 (21. Qa4 $16) 21... a5 (21... Na5 $11 22. Qa4 Bxb5 23. Qxb5 (23. Rxb5 Nc4 $11) 23... Rc8) 22. Nd3 $16 Rc8 23. Na3 Rg4 24. Nc5 $2 {[%mdl 8192]} (24. Bxc6 $16 {[%cal Rb3b7]} Bxc6 25. Nc5) 24... Ka8 $4 {[%mdl 8192]} (24... Rxd4 25. Bxc6 Qxc6 26. Qxb7+ Qxb7 27. Rxb7+ Ka8 28. Rxd7 $11) (24... Nxd4 $19 25. Nxd7+ {[#]} Qxd7 $1 {[%mdl 512]}) 25. Qb2 $18 f6 (25... Bxc5 $142 26. Bxc6 Bb4) 26. f3 $2 (26. Be2 $18 Rh4 27. Nb5 (27. Nxb7 Rch8 $15)) 26... Rgg8 $2 (26... Rxd4 $11 {and Black is okay.} 27. Bxc6 (27. Nxd7 Rb4 $11) 27... Rd1+ 28. Rxd1 Bxc5+ 29. Kh1 Bxc6) 27. Nd3 $2 ({White should try} 27. Bxc6 $18 Bxc6 28. Nxe6) 27... Qb8 (27... Qb6 $11 28. Nc5 Nxd4 29. Nxd7 Rxc1+ 30. Qxc1 (30. Rxc1 $2 {loses.} Ne2+ {[%mdl 64] Double Attack, Discovered Attack (Double check)} 31. Kf1 Qg1+ {[%mdl 64] Double Attack} 32. Kxe2 Qxg2+ 33. Ke1 Qxb2 $19) 30... Ne2+ 31. Kf1 (31. Kh1 $2 {is a self mate.} Ng3+ 32. hxg3 Rh8+ 33. Qh6 Rxh6#) 31... Qg1+ 32. Kxe2 Qxg2+ 33. Kd3 Bxa3) 28. Ra1 ({White should play} 28. Bxc6 $14 Rxc6 29. Rxc6 Bxc6 30. Nb5) 28... Nxe5 $2 {[%mdl 8192]} (28... Qa7 $11 29. Bxc6 Bxc6) 29. Kf2 $4 {[%mdl 8192]} ({Not} 29. dxe5 Rxc1+ 30. Nxc1 Qa7+ 31. Kh1 Qb6 $18) (29. Nxe5 $18 {avoids the disaster.} Rxc1+ 30. Qxc1) 29... Bxa3 $2 (29... Nxd3+ $19 30. Bxd3 Rxc1 31. Qxc1 Qxh2) 30. Rc2 $2 {[%mdl 8192]} (30. Rxa3 $11 Nxd3+ 31. Bxd3 Qxh2 32. Rxa5+ Kb8 33. Rg1) 30... Rc3 $4 {[%mdl 8192] Accuracy: White = 36%, Black = 20%.} (30... Nxd3+ $19 {and life is good for Black.} 31. Bxd3 Qxh2) 1-0